| 000 | 00604nam a2200205 4500 | ||
|---|---|---|---|
| 003 | OSt | ||
| 005 | 20260530115309.0 | ||
| 008 | 260506b |||||||| |||| 00| 0 eng d | ||
| 020 | _a 853313687 | ||
| 040 |
_aICI _bspa _cICI |
||
| 050 |
_aNA997 _b.G65 |
||
| 100 | 1 |
_a Gollins Melvin Ward Partnership UK _932603 |
|
| 245 | 1 | 0 | _aArchiteture of the Gollins Melvin Ward Partnership • GMW |
| 264 | 1 |
_bLund Humphries Publishers London _c1974 _aGran Bretaña |
|
| 300 | _a147 páginas | ||
| 336 |
_atexto _2rdacontent |
||
| 337 |
_asin medio _2rdamedia |
||
| 338 |
_avolumen _2rdacarrier |
||
| 942 |
_2ddc _cBK _n1 |
||
| 999 |
_c13277 _d13277 |
||